[Event "7th RTU Open 2017"]
[Site "Riga"]
[Date "2017.08.09"]
[Round "4.14"]
[White "Braun, Arik"]
[Black "Abdumalik, Zhansaya"]
[Result "1-0"]
[WhiteElo "2577"]
[BlackElo "2423"]
[Annotator "TA"]
[PlyCount "181"]
[EventDate "2017.??.??"]
[EventType "swiss"]
[EventCountry "LAT"]
[SourceTitle "playchess.com"]
[Source "ChessBase"]
[SourceQuality "1"]

{[%evp 9,181,72,79,76,127,122,120,120,179,176,156,165,172,151,159,150,200,182,197,195,328,327,320,305,303,308,393,380,379,304,379,351,362,324,371,379,440,420,553,552,531,534,507,355,348,188,188,188,188,188,188,188,185,184,189,196,221,223,217,213,209,171,291,227,213,214,218,210,268,235,210,196,187,62,63,32,37,18,19,0,0,0,61,0,0,0,0,0,0,0,0,0,144,145,143,141,187,25,25,0,141,0,0,0,0,0,25,8,14,15,12,14,38,0,14,13,22,12,12,14,16,19,27,27,31,28,63,52,58,64,65,33,90,96,272,277,277,263,314,308,628,622,625,629,595,76,406,581,594,582,594,569,521,450,492,283,12840,12840,12841,12841,6003,2058,12850,12851,12851,12851,12851,12851,12851,12851,12851,12851,12851,12851]} 1. g3 Nf6 2. Bg2 g6 3. e4 {[%cal Be2e4,Be4e5][%mdl 32]} d5 (3... d6 4. d4 Bg7 5. Ne2 O-O 6. h3 e5 7. O-O Nc6 8. d5 Ne7 9. c4 Nd7 10. Nbc3 f5 11. Be3 Nf6 12. Qd2 fxe4 13. g4 h5 14. g5 Nh7 15. Nxe4 Nf5 {½-½ (35) Bocharov,D (2558)-Smirin,I (2658) Minsk 2015}) 4. e5 Ng4 5. d4 {[%cal Bd2d4,Bd4c5][%mdl 32]} h5 6. Ne2 {A00: Irregular Openings} c5 (6... Bg7 $142) 7. h3 $1 $16 {[%cal Rh3g4]} ({But not} 7. dxc5 $6 e6 $15) 7... Nh6 8. dxc5 $146 {White is better.} ({Predecessor:} 8. e6 Bxe6 9. dxc5 Bd7 10. Qd4 Rg8 11. Qxd5 {1-0 (49) Bohn,U (2126)-Michalski,D (2112) Amsterdam 2015}) 8... e6 (8... Qa5+ $16 9. c3 Qxc5) 9. c4 $18 dxc4 10. Qxd8+ Kxd8 11. Na3 Bxc5 12. Nxc4 Kc7 13. O-O Nf5 14. Bg5 Bd7 {[#]} (14... Nc6 $142 15. Rfd1 b6) 15. b4 $1 {[%mdl 512]} Be7 (15... Bxb4 16. Rfb1) 16. Bxe7 Nxe7 17. Rac1 Bc6 18. Nd6 Kb6 19. Nc3 Nd7 20. Bxc6 bxc6 21. Nxf7 Rhb8 22. Rfd1 Kc7 23. b5 Nc5 24. bxc6 Nxc6 25. Ne2 Rb5 26. Ng5 Kb7 {[#]} 27. f4 (27. a4 $142 $1 {[%mdl 512]} Ra5 (27... Nxa4 28. Rd7+) 28. Rb1+ Kc7 29. Nf4) 27... Rd8 28. Rxd8 Nxd8 29. Nd4 Rb4 30. Rxc5 Rxd4 {[%mdl 4096] Endgame KRN-KRN} 31. Rc2 a5 32. Kf2 Rd3 33. Ne4 Kb6 34. Nc5 Rd1 35. h4 Rh1 (35... Kb5 {was called for.} 36. Ne4 Kb6) 36. Ke3 Re1+ 37. Kd3 Rg1 38. Kc4 Rxg3 39. Rd2 Kc7 40. Rd7+ Kc8 41. Kb5 (41. Rg7 $18 Rg2 42. a3) 41... Rg2 $1 $14 42. Rg7 (42. Ra7 $5 {[%cal Rc5a4]}) 42... Rb2+ 43. Ka6 Rxa2 44. Rxg6 (44. Ne4 {seems wilder.} Nc6 45. Kb6 Nd4 46. Rxg6 Rc2 47. Kxa5 Rb2 48. Ka4) 44... a4 45. Rg3 {And now Rc3 would win.} Rc2 (45... Ra1 $1 $11) 46. Nxa4 (46. Kb5 $1 $14) 46... Kd7 $11 47. Kb6 {Hoping for Nc5+.} Ke7 48. Nc5 {Black must now prevent Rg7+.} Rb2+ $1 49. Kc7 {aiming for Rg7+.} Rc2 50. Rg7+ Nf7 (50... Ke8 $11 51. Kb6 Rb2+ 52. Ka6 Ra2+ 53. Kb5 Rb2+ 54. Ka6 Ra2+ 55. Kb6 Rb2+ 56. Ka6) 51. Kb6 $16 Rb2+ 52. Kc6 Rc2 {[#]} 53. Kb5 $2 (53. f5 $1 $18 {[%cal Rf5e6][%mdl 512]} exf5 54. e6 Rxc5+ 55. Kxc5 Kxe6 56. Kd4) 53... Rb2+ $11 54. Kc6 (54. Kc4 $11) 54... Rc2 $1 $16 55. Rg6 (55. f5 $16 exf5 56. e6 Rxc5+ 57. Kxc5 Kxe6 58. Kd4) 55... Nd8+ $1 $11 56. Kb5 Rb2+ 57. Kc4 {Kd3 is the strong threat.} Rf2 58. Nd3 Rh2 59. Kd4 Rxh4 60. Ke4 Rh3 61. Ne1 Rh1 (61... Kf7 $5 {[%cal Rf7g6]} 62. Rf6+ Kg7 $14) 62. Nf3 Kf7 63. Rg2 (63. Rf6+ {is more complex.} Kg7 64. Ke3 h4 65. Kf2 Rh3 66. Nd4) 63... Ra1 64. Ng5+ Ke7 65. Rc2 Ra4+ 66. Kf3 Ra3+ 67. Kg2 Kd7 68. Ne4 Nf7 69. Nf6+ Kd8 70. Nxh5 Re3 (70... Nh8 $14) 71. Rc5 $16 Nh6 $2 {[#]} (71... Ra3 $16 {was necessary.} 72. Rc6 Ra2+ 73. Kh3 Kd7) 72. Ng7 $1 $18 Kd7 {[#]} 73. Rb5 $1 Ng4 74. Ra5 Ke7 $2 (74... Rc3 75. Ra7+ Kc6 76. Nxe6 Kd5) 75. Ra7+ Kd8 76. Nxe6+ Kc8 77. Rc7+ Kb8 {Now ...Nxe5 and Black clings on.} 78. Rc5 Kb7 79. Nd4 Kb6 80. Rc6+ Kb7 81. Re6 Kc7 82. Nf3 (82. Re7+ $142 Kb6 83. Nf5) 82... Kd7 $2 (82... Re4 83. Kg3 Ne3) 83. Rg6 {White is clearly winning.} Re2+ 84. Kf1 Rf2+ 85. Kg1 Rxf3 86. Rxg4 {KR-KR} Ke6 87. Kg2 Ra3 88. Rg3 Ra4 89. Kf3 Kd5 90. Rg6 Ra3+ 91. Kg4 {Precision: White = 67%, Black = 48%.} 1-0

[Event "7th RTU Open 2017"]
[Site "Riga"]
[Date "2017.08.09"]
[Round "4.17"]
[White "Sanal, Vahap"]
[Black "Krupenski, Juri"]
[Result "1-0"]
[WhiteElo "2539"]
[BlackElo "2413"]
[Annotator "TA"]
[PlyCount "49"]
[EventDate "2017.??.??"]
[EventType "swiss"]
[EventCountry "LAT"]
[SourceTitle "playchess.com"]
[Source "ChessBase"]
[SourceQuality "1"]

{[%evp 13,49,24,35,9,13,10,18,3,15,4,84,75,73,68,84,63,70,67,73,64,57,83,81,68,117,70,58,65,211,229,198,227,227,219,279,313,263,255]} 1. e4 c5 2. Nf3 d6 3. Bb5+ Nd7 4. O-O Ngf6 5. Re1 a6 6. Bxd7+ Nxd7 7. d4 {B51: Sicilian: Moscow Variation (3 Bb5+) without 3...Bd7} (7. b3 e5 8. c3 Be7 9. d4 O-O 10. dxe5 dxe5 11. c4 Re8 12. Nc3 f6 13. Be3 Nf8 14. Qxd8 Rxd8 {0-1 (36) Delgado Ramirez,N (2583)-Mareco,S (2562) Maringa 2013}) 7... e6 {LiveBook: 16 Games} 8. Nc3 (8. Bg5 $5 {[%cal Rg5d8]} f6 9. Be3 $14) 8... Be7 9. dxc5 {The position is equal.} Nxc5 10. Bf4 O-O $146 ({Predecessor:} 10... b5 11. b4 Nb7 12. a4 bxa4 13. Nxa4 Bd7 14. Be3 Bxa4 15. Rxa4 O-O 16. Qd3 a5 17. Rea1 d5 18. bxa5 Rxa5 19. Rxa5 Nxa5 20. exd5 {½-½ (20) Schoenthier,F (2325)-Scholz,C (2396) Germany 2004}) 11. b4 Nd7 (11... e5 $11) 12. Bxd6 $16 Nb6 13. Bc5 Bxc5 14. bxc5 {[#] Threatens to win with Qxd8.} Nd7 15. Na4 Qa5 16. Qd4 $36 {[%mdl 2048] Black is under pressure.} e5 $1 {[%cal Re5d4]} 17. Qc4 b5 18. cxb6 Bb7 19. Rab1 {Qc7 is the strong threat.} Rac8 20. Qb3 Nf6 {[#]} (20... Bc6 $1 $14) 21. Qb4 $1 $18 {[%cal Rb4a5]} Qxb4 22. Rxb4 Rxc2 23. Nxe5 Nxe4 24. f3 Ng5 25. Rb2 {Precision: White = 80%, Black = 52%.} 1-0

[Event "7th RTU Open 2017"]
[Site "Riga"]
[Date "2017.08.10"]
[Round "6"]
[White "Shirov, Alexei"]
[Black "Goh, Wei Ming Kevin"]
[Result "1-0"]
[WhiteElo "2648"]
[BlackElo "2446"]
[Annotator "TA"]
[PlyCount "85"]
[EventDate "2017.??.??"]
[EventType "swiss"]
[EventCountry "LAT"]
[SourceTitle "playchess.com"]
[Source "ChessBase"]
[SourceQuality "1"]

{[%evp 15,85,0,0,-19,-10,-8,21,20,20,15,15,12,17,0,0,-6,0,0,0,0,0,0,0,0,31,31,30,33,27,27,27,27,26,28,35,36,24,14,47,40,88,96,146,8,8,10,22,0,0,0,0,0,0,0,0,-2,232,219,278,273,271,266,270,254,272,248,293,274,235,216,191,144]} 1. e4 {[%cal Be2e4,Be4e5][%mdl 32]} e6 2. d4 d5 3. e5 c5 4. c3 Nc6 5. Nf3 Qb6 6. a3 f6 7. b4 fxe5 {C02: French: Advance Variation} 8. bxc5 Qa5 {LiveBook: 4 Games} 9. Nxe5 Nxe5 {The position is equal.} 10. dxe5 Qc7 $146 ({Find the theoretical novelty and annotate with similar games:} 10... Bxc5 11. Bd3 Ne7 12. Qh5+ g6 13. Qe2 Rf8 14. O-O Bd7 15. Bg5 {½-½ (29) Mastrovasilis,D (2601)-Goh,W (2444) Baku 2016}) 11. Be3 Bd7 12. Bd3 Qxe5 13. O-O Nf6 14. Bd4 Qc7 15. c4 Bxc5 16. Bxf6 gxf6 17. cxd5 O-O-O 18. Nd2 {[#] Threatens to win with Ne4.} Kb8 19. Rc1 exd5 {Hoping for ...Qd6.} 20. Nb3 $1 {[%cal Rb3c5]} Ba4 $1 21. Rxc5 Bxb3 $1 22. Rxc7 Bxd1 23. Rf7 $36 {[%mdl 2048] White has the initiative.} Ba4 24. Rb1 Rd7 25. Rxf6 Rc7 26. h4 Rd8 27. Rh6 d4 28. Rb2 (28. Rxh7 Rxh7 29. Bxh7 d3 $17) 28... b6 29. Rxh7 (29. f3 $16) 29... Rc3 $1 $11 {[%cal Rc3d3]} 30. Be4 d3 $1 {[%cal Rd3d2]} 31. Rb7+ Kc8 {[#] Strongly threatening ...d2.} 32. Rxa7 Rd4 $1 {[%cal Rd4e4]} 33. Bf5+ Kb8 $1 {[%cal Rb8a7]} 34. Ra6 (34. Rxa4 $5 Rxa4 35. g4 $14) 34... Kc7 $1 35. h5 {[%cal Bh4h5,Bh5h6,Bh6h7][%mdl 32]} ({Of course not} 35. Raxb6 d2 $15) 35... Bb3 $2 (35... Bb5 $11 {and Black has nothing to worry.} 36. Ra7+ (36. Rxb5 $2 d2 $19) 36... Kb8) 36. Ra7+ $18 Kb8 37. Rd7 Rxd7 38. Bxd7 {KRB-KRB} Bc2 {Black wants to play ...Rc4.} 39. h6 {Black must now prevent h7.} d2 40. Bg4 Rc4 41. Bf3 ({Resist} 41. Rxb6+ $6 Ka7 $18) 41... d1=Q+ 42. Bxd1 Bxd1 43. h7 {Precision: White = 63%, Black = 58%.} 1-0

[Event "7th RTU Open 2017"]
[Site "Riga"]
[Date "2017.08.10"]
[Round "6"]
[White "Smirin, Ilia"]
[Black "Ali Marandi, Cemil Can"]
[Result "1-0"]
[WhiteElo "2634"]
[BlackElo "2526"]
[Annotator "TA"]
[PlyCount "119"]
[EventDate "2017.??.??"]
[EventType "swiss"]
[EventCountry "LAT"]
[SourceTitle "playchess.com"]
[Source "ChessBase"]
[SourceQuality "1"]

{[%evp 18,119,53,0,5,0,0,-19,19,8,0,-8,0,-1,-18,0,28,0,0,6,54,57,60,47,97,102,82,97,176,135,238,149,115,133,395,211,574,573,541,65,227,32,74,77,72,70,75,0,0,0,525,0,0,0,0,0,0,0,0,0,0,0,0,0,0,0,0,0,0,0,62,0,0,0,63,54,57,0,0,0,72,72,69,79,333,0,0,0,0,0,0,0,45,64,12844,12844,12845,12845,12845,12846,12846,12847,12847,12847]} 1. e4 e5 2. Nf3 Nc6 3. Bb5 a6 4. Ba4 g6 5. c3 d6 6. d4 Bd7 7. O-O Bg7 8. Re1 Nf6 9. Nbd2 {C79: Ruy Lopez: Steinitz-type lines with 3...a6 4 Ba4 Nf6 5 0-0 d6} (9. h3 b5 10. Bc2 O-O 11. Nbd2 Re8 12. a3 h6 13. Nf1 Nh5 14. Be3 Kh7 15. Qd2 Qf6 16. N1h2 Rad8 {1-0 (68) Dominguez Perez,L (2739)-Van Foreest,J (2612) chess.com INT 2017}) 9... O-O 10. Nf1 {LiveBook: 6 Games} exd4 11. cxd4 {The position is equal.} Re8 12. Ng3 b5 13. Bb3 $146 {And now Ng5 would win.} ({Predecessor:} 13. Bc2 Bg4 14. Be3 Nd7 15. Qd2 Nb6 16. b3 Bxf3 17. gxf3 {½-½ (46) Kazoks,A (2361)-Salmi,I (2468) ICCF email 2014}) 13... Bg4 14. a4 Bxf3 15. gxf3 {[%cal Bg2f3,Bf3f4][%mdl 32]} Na5 16. Ba2 b4 17. f4 Nd7 18. e5 dxe5 19. dxe5 Nc5 20. Be3 Ne6 21. Bxe6 Rxe6 22. Rc1 f6 (22... Qxd1 $16 23. Rexd1 (23. Rcxd1 Nc4 $11) 23... Rc8) 23. Qf3 $36 {[%mdl 2048] Keeping Black busy.} fxe5 (23... c6 $16) 24. Red1 Qe8 25. Rxc7 exf4 $2 {[%mdl 8192]} (25... Rc8 $16 26. Rxc8 Qxc8) 26. Bxf4 (26. Rdd7 $142 Be5 27. Bd4 $1 {[%mdl 512]}) 26... Rd8 $2 (26... Rc8) 27. Rxd8 $1 $18 Qxd8 {[#]} 28. Ne4 $2 (28. Be5 $1 $18 {[%mdl 512]} Re7 (28... Rxe5 29. Qf7+) 29. Rxe7 Qxe7 30. Qd5+ Qf7 31. Qxa5) 28... h6 $2 (28... Re7 $14 29. Rxe7 Qxe7) 29. Nc5 $2 (29. Be5 $18 {White threatens Qf7+ and mate.} Re7 30. Nf6+ (30. Rxe7 Qxe7 31. Bxg7 Kxg7 $14) 30... Kh8 31. Rxe7 Qxe7 32. Qa8+ Qf8 33. Qxa6) 29... Re7 $1 $14 30. Rxe7 Qxe7 31. Qd5+ Qf7 $1 {[%cal Rf7d5]} 32. Ne6 (32. Qxf7+ $1 $16 Kxf7 33. Bc7 (33. Nxa6 b3 $11)) 32... Bxb2 $11 33. Bxh6 Bf6 $2 {[%mdl 8192]} (33... Qf5 $11 34. Qd7 Qg4+ 35. Kh1 Qe4+ 36. Kg1 Qg4+ 37. Kh1 Qe4+ 38. Kg1 Qg4+) 34. Bg5 $2 (34. Qxa5 Qxe6 35. Qxb4 g5 $11) (34. Qa8+ $1 $18 Kh7 35. Bg7 $1 {[%mdl 512]}) 34... b3 {aiming for ...b2.} 35. Bxf6 Qxf6 36. Ng5+ Kh8 37. Ne4 Qf5 38. Qd8+ Kg7 $1 39. Qe7+ Kh6 40. Qh4+ Kg7 41. Qe7+ Kh6 42. Ng3 Qb1+ 43. Kg2 Qd1 ({Black should try} 43... Qd3 $11) 44. Qf8+ (44. h4 $1 $14) 44... Kh7 45. Qf7+ Kh6 ({Better is} 45... Kh8 $11) 46. h4 $1 $14 {[%cal Rh4h5]} b2 {...Qd4 is the strong threat.} 47. Qf8+ (47. Qf6 $1 $14 Qd5+ 48. Kh2) 47... Kh7 $11 48. Qf7+ Kh8 (48... Kh6 $11 49. Qf6 Qd5+ 50. Kh2 Kh7 51. Qxb2 Nb3) 49. Qf6+ $16 Kh7 50. Qxb2 {Hoping for Qe5.} Qxa4 $2 {[%mdl 8192]} (50... Qd5+ $16 51. Kh3 Qe6+ 52. Kh2 Nc4) 51. h5 $2 ({Only move:} 51. Qe5 $18 Qb5 52. Qe7+ Kh6 53. Qf8+ Kh7 54. Ne4) 51... Qc6+ $11 52. Kh2 {Black must now prevent Qe5.} (52. Kg1 $5 {[%cal Rb2e5]} Qe6 53. hxg6+ Qxg6 54. Qa3 $16) 52... gxh5 53. Qe5 (53. Nxh5 $5 {[%cal Rb2g7]} Qd6+ 54. Ng3 $14) 53... Nc4 54. Qe7+ Kg8 55. Ne4 {Strongly threatening Nf6+.} Qh6 $2 {[%mdl 8192]} (55... Kh8 $14) 56. Nf6+ {White is clearly winning.} ({Not} 56. Qe8+ Kh7 $14) 56... Kh8 {[#]} 57. Kh3 $1 {Qf7 would kill now.} Nd6 58. Qxd6 {Threatening mate with Qe7.} Kg7 59. Ne8+ Kh7 60. Qe7+ {Precision: White = 49%, Black = 30%.} 1-0

[Event "7th RTU Open 2017"]
[Site "Riga"]
[Date "2017.08.10"]
[Round "6"]
[White "Jumabayev, Rinat"]
[Black "Ochsner, Bjorn Moller"]
[Result "0-1"]
[WhiteElo "2610"]
[BlackElo "2443"]
[Annotator "TA"]
[PlyCount "77"]
[EventDate "2017.??.??"]
[EventType "swiss"]
[EventCountry "LAT"]
[SourceTitle "playchess.com"]
[Source "ChessBase"]
[SourceQuality "1"]

{[%evp 9,77,7,11,4,43,38,54,50,48,35,62,59,54,55,79,53,85,90,172,202,218,0,5,-155,-152,-212,-208,-189,-195,-200,-204,-198,-189,-276,-16,-18,0,-275,-268,-273,-258,-267,-249,-265,-263,-360,-371,-395,-368,-520,-524,-518,-525,-526,-447,-522,0,-522,0,-516,-500,-507,-515,-481,-488,-473,-473,-477,-466,-468]} 1. d4 Nf6 2. Bf4 d5 3. e3 c5 4. c3 Qb6 5. Qb3 c4 6. Qc2 {D00: 1 d4 d5: Unusual lines} Nc6 7. Nd2 Nh5 8. Bg5 {[%cal Bf4g5,Bg5h4,Bh4g3][%mdl 32] White is slightly better.} h6 9. Bh4 $1 g5 10. Be2 Ng7 11. Bg3 Bf5 12. e4 (12. Qc1 e6 {1-0 (41) Carlsen,M (2832)-So,W (2812) Leuven 2017}) 12... Bh7 13. h4 $146 f5 (13... e5 $16) 14. exd5 $18 f4 {[#]} 15. Qc1 $2 ({But not} 15. Nxc4 $6 Bxc2 16. Nxb6 axb6 $14) (15. Qd1 $1 $18) 15... Nxd4 $1 $11 {[%cal Bc6d4,Bd4e2,Be2c1,Bc1d3][%mdl 32]} 16. Nxc4 $2 (16. cxd4 $11 fxg3 17. fxg3 (17. Qxc4 Nf5 $11)) 16... Nxe2 $17 17. Nxb6 (17. Nxe2 $17 Qb5 18. Bxf4 Qxc4 19. hxg5) 17... Nxc1 $19 18. Nxa8 Nd3+ 19. Ke2 fxg3 20. hxg5 Nxf2 21. Rxh6 (21. Nc7+ $142 Kd7 22. Rxh6) 21... Nf5 $2 (21... Bd3+ $19 22. Kf3 Rxh6 23. Nc7+ Kf7 24. gxh6 Nh5) 22. Rh5 $11 {[#] Threatens to win with g6!} Ng7 $2 {[%mdl 8192]} (22... Bg7 $11 23. Nc7+ Kf7) 23. Rh6 $19 {Strongly threatening g6.} Bd3+ 24. Kf3 Rxh6 25. gxh6 Nh5 26. Re1 Kd7 27. Re5 Nf6 28. Kxg3 N2e4+ 29. Kh3 (29. Kh4 $142 Bxh6 30. Nf3) 29... Bxh6 30. Nf3 Bf4 31. Kh4 Bg3+ 32. Kh3 Bf4 33. Kh4 Bg3+ 34. Kh3 Bc4 {Black is clearly winning.} 35. Rf5 Bxd5 36. Ng5 {and the idea Rxd5+! leaves White hopeful.} Bd6 37. Nxe4 Bxe4 38. Ra5 Bb8 39. g4 {Precision: White = 60%, Black = 54%.} 0-1

[Event "7th RTU Open 2017"]
[Site "Riga"]
[Date "2017.08.10"]
[Round "6"]
[White "Onischuk, Vladimir"]
[Black "Nabaty, Tamir"]
[Result "1-0"]
[WhiteElo "2610"]
[BlackElo "2654"]
[Annotator "TA"]
[PlyCount "79"]
[EventDate "2017.??.??"]
[EventType "swiss"]
[EventCountry "LAT"]
[SourceTitle "playchess.com"]
[Source "ChessBase"]
[SourceQuality "1"]

{[%evp 24,79,16,13,0,10,60,63,64,58,54,49,52,47,59,69,69,68,51,62,143,142,129,50,52,62,83,63,111,107,165,175,165,159,162,154,356,217,214,196,443,412,774,696,638,486,1237,823,834,817,5421,5414,5406,5381,1532,1079,29994,29995]} 1. e4 c6 2. d4 d5 3. Nc3 dxe4 4. Nxe4 Bf5 5. Ng3 Bg6 6. c3 e6 7. Nh3 Bd6 8. Nf4 Nf6 9. h4 {B18: Classical Caro-Kann: 4...Bf5 sidelines} Qc7 (9... Bxf4 10. Bxf4 h6 11. h5 Bh7 12. Bc4 Nbd7 13. Qe2 O-O 14. O-O Re8 15. Rfe1 Nd5 16. Bd2 Qh4 {½-½ (45) Ponomariov,R (2706)-Grischuk,A (2747) Almaty 2016}) 10. Qf3 Nbd7 11. h5 Bc2 12. h6 g6 13. Bd3 {LiveBook: 18 Games} Bxd3 14. Nxd3 O-O 15. O-O Qa5 16. c4 {[#]} Bxg3 $146 ({Predecessor:} 16... Rfe8) 17. Qxg3 Qf5 18. Re1 a5 19. Ne5 Rfd8 20. Qh4 Ne8 21. Qe7 Nxe5 (21... Qf6 $1 $14 22. Qa3 Qf5) 22. dxe5 $16 Qd3 23. Qxb7 (23. Bg5 $16) 23... Qxc4 $14 24. Bg5 $36 {[%mdl 2048] White is more active.} Rdb8 25. Qd7 Qg4 26. Be3 Qh5 (26... Qb4 $16) 27. Rad1 $18 {[#] Qe7 is the strong threat.} ({Worse is} 27. Qxc6 Qxe5 28. b3 Qb5 $11) 27... Rc8 28. Qe7 {Black must now prevent Rd7.} Rc7 29. Qc5 f5 $2 (29... Qh4 $16 30. Rd4 Qe7) 30. Rd3 Qh4 31. Red1 f4 $2 (31... Qb4 32. b3 Rac8) 32. Qc4 Rf7 (32... Qg4 $142 33. f3 (33. Qxf4 Qxf4 34. Bxf4 c5 $18) 33... Qf5) 33. Rd7 Qg4 34. R1d4 {And now Rxf7 would win.} g5 (34... Rxd7 $142 35. Rxd7 Rc8 36. Bxf4 Rc7) 35. Rxf7 Kxf7 {[#]} 36. Bxf4 $1 {[%mdl 512]} c5 (36... gxf4 37. Rxf4+) 37. Rd7+ Kf8 38. Qxc5+ Kg8 39. Qc2 Kf8 40. Qxh7 {Precision: White = 81%, Black = 33%.} 1-0

[Event "7th RTU Open 2017"]
[Site "Riga"]
[Date "2017.08.10"]
[Round "6"]
[White "Tregubov, Pavel V"]
[Black "Gholami, Aryan"]
[Result "1/2-1/2"]
[WhiteElo "2593"]
[BlackElo "2434"]
[Annotator "TA"]
[PlyCount "38"]
[EventDate "2017.??.??"]
[EventType "swiss"]
[EventCountry "LAT"]
[SourceTitle "playchess.com"]
[Source "ChessBase"]
[SourceQuality "1"]

{[%evp 19,38,9,20,9,19,0,35,37,50,31,37,34,39,53,43,29,31,33,65,56,47]} 1. d4 Nf6 2. c4 e6 3. Nf3 b6 4. g3 Bb7 5. Bg2 Be7 6. O-O O-O 7. Re1 d5 8. cxd5 exd5 9. Nc3 c5 10. Bf4 Na6 {LiveBook: 234 Games} 11. Qb3 {E17: Queen's Indian: 4 g3 Bb7 5 Bg2 Be7} (11. dxc5 bxc5 12. Qb3 Qc8 13. Ne5 Rd8 14. Bh3 Qxh3 15. Qxb7 Bd6 16. Qxf7+ Kh8 17. Nxd5 Bxe5 18. Bxe5 Rf8 19. Qb7 {1-0 (32) Yu,Y (2724)-Sargissian,G (2668) Tsaghkadzor 2015}) 11... Ne4 $146 ({Predecessor:} 11... Qc8 12. Rad1 h6 13. Be5 Rd8 14. Nd2 cxd4 15. Bxd4 Nc5 16. Qc2 Ne6 17. Nb3 Ne4 18. Qc1 Bb4 {0-1 (38) Sonis,F (2241)-Hjartarson,J (2535) Porto Mannu 2015}) 12. Rad1 Bf6 13. Be5 cxd4 14. Bxd4 Bxd4 15. Nxd4 {And now Nxe4 would win.} Nac5 16. Qa3 {aiming for Bxe4.} Qf6 17. Nxe4 dxe4 18. b4 Ne6 19. Nxe6 $1 Qxe6 1/2-1/2

[Event "7th RTU Open 2017"]
[Site "Riga"]
[Date "2017.08.10"]
[Round "6"]
[White "Kovchan, Alexander"]
[Black "Blomqvist, Erik"]
[Result "1-0"]
[WhiteElo "2587"]
[BlackElo "2525"]
[Annotator "TA"]
[PlyCount "65"]
[EventDate "2017.??.??"]
[EventType "swiss"]
[EventCountry "LAT"]
[SourceTitle "playchess.com"]
[Source "ChessBase"]
[SourceQuality "1"]

{[%evp 34,65,14,16,34,29,29,0,44,41,28,40,75,75,75,75,85,50,48,12,20,11,57,83,81,89,78,79,80,79,87,88,100,66]} 1. e4 c5 2. Nf3 d6 3. d4 cxd4 4. Nxd4 Nf6 5. Nc3 Nc6 6. f3 e5 7. Nb3 Be7 8. Be3 O-O 9. Qd2 a5 10. Bb5 Na7 11. Be2 Nc6 12. Bb5 Na7 13. Bd3 Nc6 {B56: Classical Sicilian: Unusual Lines} 14. a3 a4 15. Nc1 {[%cal Bb3c1,Bc1e2,Be2c3][%mdl 32]} Be6 16. N1e2 d5 17. exd5 Nxd5 18. Nxd5 {LiveBook: 20 Games} Qxd5 19. Nc3 Qa5 20. Qf2 {[#]} Nd4 $1 {[%mdl 512]} 21. O-O {[#]} (21. Bxd4 exd4) 21... Rad8 $146 22. Kh1 f5 23. f4 Bf6 24. fxe5 Bxe5 25. Rae1 f4 26. Bd2 {[#] Nb5 is the strong threat.} (26. Bxd4 $5 Bxd4 27. Qh4 $14) 26... Qc7 $1 27. Qh4 $1 Bf5 (27... h6 {with more complications.} 28. Qh5 Bf5 29. Nb5 Qb8 30. Bc4+ Kh7) 28. Bxf4 Bxf4 {White is better.} 29. Rxf4 Bxd3 30. Rxf8+ Rxf8 31. cxd3 Nc2 32. Rc1 {Strongly threatening Ne2.} Qb6 33. Nxa4 {Precision: White = 76%, Black = 55%.} 1-0

[Event "7th RTU Open 2017"]
[Site "Riga"]
[Date "2017.08.10"]
[Round "6"]
[White "Stocek, Jiri"]
[Black "Rakotomaharo, Fy Antenaina"]
[Result "1/2-1/2"]
[WhiteElo "2583"]
[BlackElo "2431"]
[Annotator "TA"]
[PlyCount "23"]
[EventDate "2017.??.??"]
[EventType "swiss"]
[EventCountry "LAT"]
[SourceTitle "playchess.com"]
[Source "ChessBase"]
[SourceQuality "1"]

{[%evp 12,23,1,7,60,43,58,14,59,60,77,60,82,46]} 1. d4 Nf6 2. c4 e6 3. Nc3 Bb4 4. Nf3 O-O 5. Qc2 c5 6. dxc5 Na6 7. g3 {LiveBook: 532 Games} Bxc5 {E39: Nimzo-Indian: Classical: 4...c5 5 dxc5 0-0} (7... Bxc3+ $11 8. Qxc3 Nxc5) (7... Nxc5 8. Bg2 b6 9. O-O Bb7 10. Nb5 Be4 11. Qd1 Nb7 12. Bf4 a6 13. Nd6 Bxd6 14. Bxd6 Nxd6 15. Qxd6 Qb8 16. Rfd1 Qb7 {½-½ (71) Akobian,V (2661)-Bruzon Batista,L (2652) Saint Louis 2017}) 8. Bg2 d5 9. O-O Bd7 $146 ({Predecessor:} 9... dxc4 10. Ne5 Nb4 11. Qa4 {0-1 (11) Lorparizangeneh,S (2277)-Shyam,N (2469) Abu Dhabi 2014}) 10. Bg5 Rc8 11. Rad1 Be7 12. cxd5 1/2-1/2